• 首页
  • 本馆介绍
  • 公告通知
  • 最新文献
  • 馆藏检索
  • 电子资源
  • 读者导购
  • 参考咨询
  • 我的图书馆
  • 登录
  • 详细信息显示
  • 放入我的书架
  • 预约/预借图书
  • 作者相关作品
  • 分类相关作品
  • 丛书相关作品
  • 出版社相关作品

书目信息

  • 表格格式
  • 工作单格式
  • 卡片格式
题名:
心理学简札
    
 
作者: 潘菽 著
分册: 上册  
出版信息: 北京   人民教育出版社  1984.03
页数: 384页
开本: 20cm
丛书名:
单 册:
中图分类: B84
科图分类:
主题词: 心理学
电子资源:
ISBN:
000 00495nam0 2200193 45
001 0312091459
005 20060111083149.31
010    @dCNY1.55
091    @a7012.0718
100    @a20031209d1984 km y0chiy0120 ea
101 0  @achi
200 1  @a心理学简札@AXin Li Xue Jian Zha@h上册@f潘菽著@FPan Shu Zhu
210    @a北京@c人民教育出版社@d1984.03
215    @a384页@d20cm
606 0  @a心理学
690    @aB84@v3
701  0 @a潘菽@4著
801    @aCN@bTSTC@c20060111
905    @dB84@e106:1@f1@b133992
    
    心理学简札.上册/潘菽著.-北京:人民教育出版社,1984.03
    384页;20cm
    
    
    ISBN :CNY1.55
    
●
相关链接 在E读中查询图书 在五车中查询图书 在当当中查询图书 在豆瓣中查询图书


正题名:心理学简札     索取号:B84/106:1         预约/预借

序号 登录号 条形码 馆藏地/架位号 状态 备注
1 0133988   000524515   密集书库/ [索取号:B84/106:1] 在馆    
2 0133989   001529304   密集书库/ [索取号:B84/106:1] 在馆    
3 0133990   001529313   密集书库/ [索取号:B84/106:1] 在馆    
4 0133991   000524472   密集书库/ [索取号:B84/106:1] 在馆    
5 0133992   002042140   第一样本阅览室/ [索取号:B84/106:1] 在馆    
6 0171346   000422162   密集书库/ [索取号:B84/106:1] 在馆    
唐山师范学院图书馆 欢迎您!
大连网信软件有限公司© 版权所有